<?xml version="1.0" encoding="UTF-8"?>
<record
    xmlns:xsi="http://www.w3.org/2001/XMLSchema-instance"
    xsi:schemaLocation="http://www.loc.gov/MARC21/slim http://www.loc.gov/standards/marcxml/schema/MARC21slim.xsd"
    xmlns="http://www.loc.gov/MARC21/slim">

  <leader>01300namaa2200265 a 4500</leader>
  <controlfield tag="005">20160218164552.0</controlfield>
  <controlfield tag="008">981117s2004    ck ab  gr     00010 spa d</controlfield>
  <datafield tag="015" ind1=" " ind2=" ">
    <subfield code="a">ck-2004-xxxx</subfield>
  </datafield>
  <datafield tag="040" ind1=" " ind2=" ">
    <subfield code="a">CO-BoBLA </subfield>
    <subfield code="c">CO-BoBLA</subfield>
  </datafield>
  <datafield tag="041" ind1="0" ind2=" ">
    <subfield code="a">spa</subfield>
    <subfield code="a">eng</subfield>
  </datafield>
  <datafield tag="043" ind1=" " ind2=" ">
    <subfield code="a">s-ck---</subfield>
  </datafield>
  <datafield tag="082" ind1="0" ind2="4">
    <subfield code="a">338.98616 </subfield>
    <subfield code="b">C65r</subfield>
  </datafield>
  <datafield tag="110" ind1="2" ind2=" ">
    <subfield code="a">Colombia. </subfield>
    <subfield code="b">Ministerio de Agricultura.</subfield>
  </datafield>
  <datafield tag="245" ind1="1" ind2="3">
    <subfield code="a">El renacimiento de la Orinoqu&#xED;a alta de Colombia : </subfield>
    <subfield code="b">un megaproyecto para el mundo =  The renaissance of the Orinoco river savannahs : a Colombian mega project for the world / </subfield>
    <subfield code="c">Ministerio de Agricultura y Desarrollo Rural.</subfield>
  </datafield>
  <datafield tag="246" ind1="1" ind2="4">
    <subfield code="a">The renaissance of the Orinioco river savannahs : a Colombian mega project for the world</subfield>
  </datafield>
  <datafield tag="260" ind1="3" ind2=" ">
    <subfield code="a">Bogot&#xE1; : </subfield>
    <subfield code="b">Ministerio de Agricultura y Desarrollo Rural, </subfield>
    <subfield code="c">[2004].</subfield>
  </datafield>
  <datafield tag="300" ind1=" " ind2=" ">
    <subfield code="a">30 p. : </subfield>
    <subfield code="b">il., mapas ; </subfield>
    <subfield code="c">22 cm.</subfield>
  </datafield>
  <datafield tag="500" ind1=" " ind2=" ">
    <subfield code="a">Texto bilingue : espa&#xF1;ol-ingl&#xE9;s.</subfield>
  </datafield>
  <datafield tag="650" ind1="1" ind2="6">
    <subfield code="a">Planificaci&#xF3;n regional</subfield>
    <subfield code="z"> Orinoqu&#xED;a (Regi&#xF3;n, Colombia)</subfield>
  </datafield>
  <datafield tag="650" ind1=" " ind2=" ">
    <subfield code="a">Desarrollo econ&#xF3;mico</subfield>
    <subfield code="z"> Orinoqu&#xED;a (Regi&#xF3;n, Colombia)</subfield>
  </datafield>
  <datafield tag="650" ind1=" " ind2=" ">
    <subfield code="a">Agricultura</subfield>
    <subfield code="z"> Orinoqu&#xED;a (Regi&#xF3;n, Colombia)</subfield>
  </datafield>
  <datafield tag="650" ind1="1" ind2="6">
    <subfield code="a">Palma africana</subfield>
    <subfield code="x"> Cultivo</subfield>
    <subfield code="z"> Orinoqu&#xED;a (Regi&#xF3;n, Colombia)</subfield>
    <subfield code="v"> Proyectos.</subfield>
  </datafield>
  <datafield tag="651" ind1=" " ind2="6">
    <subfield code="a">Orinoqu&#xED;a (Region, Colombia)</subfield>
    <subfield code="x"> Condiciones ambientales.</subfield>
  </datafield>
  <datafield tag="942" ind1=" " ind2=" ">
    <subfield code="2">ddc</subfield>
    <subfield code="c">LIBRO</subfield>
  </datafield>
  <datafield tag="999" ind1=" " ind2=" ">
    <subfield code="c">7049</subfield>
    <subfield code="d">7049</subfield>
  </datafield>
  <datafield tag="952" ind1=" " ind2=" ">
    <subfield code="0">0</subfield>
    <subfield code="1">0</subfield>
    <subfield code="2">ddc</subfield>
    <subfield code="4">0</subfield>
    <subfield code="7">0</subfield>
    <subfield code="8">GENERAL</subfield>
    <subfield code="I">INV2017</subfield>
    <subfield code="a">Bogota</subfield>
    <subfield code="b">Bogota</subfield>
    <subfield code="d">2009-08-13</subfield>
    <subfield code="e">Instituto</subfield>
    <subfield code="g">50000.00</subfield>
    <subfield code="l">2</subfield>
    <subfield code="m">5</subfield>
    <subfield code="o">LB-338.98616  C65r</subfield>
    <subfield code="p">027454</subfield>
    <subfield code="r">2016-02-05 00:00:00</subfield>
    <subfield code="s">2014-08-13</subfield>
    <subfield code="t">Ej.1</subfield>
    <subfield code="w">2012-12-04</subfield>
    <subfield code="x">Donaci&#xF3;n</subfield>
    <subfield code="y">LIBRO</subfield>
  </datafield>
</record>
